[Event "36. Copenhagen Open (Politiken Cup)"]
[Site "Elsinore"]
[Date "2014.07.28"]
[Round "9"]
[White "Jacobsen, Per"]
[Black "Mozelius, Peter"]
[Result "0-1"]
[WhiteElo "1655"]
[BlackElo "1847"]
[PlyCount "54"]
[EventDate "2014.07.21"]
[EventType "swiss"]
[EventRounds "10"]
[EventCountry "DEN"]
[Source "ChessBase"]
[SourceDate "2014.08.29"]

1. b3 e5 2. Bb2 Nc6 3. e3 Nf6 4. Nf3 d6 5. Be2 Be7 6. d4 e4 7. Nfd2 d5 8. a3
Bf5 9. c4 O-O 10. Nc3 dxc4 11. bxc4 Re8 12. O-O Bd6 13. g3 Bg6 14. d5 Ne5 15.
Nb5 Bf8 16. Rc1 a6 17. Nc3 Qd7 18. Kg2 h5 19. h4 Bf5 20. Kg1 Neg4 21. Qc2 Bd6
22. Nb3 b6 23. Nd4 Bg6 24. Qa4 Qc8 25. Qc2 Ne5 26. Rcd1 Qh3 27. f4 exf3 0-1

[Event "36. Copenhagen Open (Politiken Cup)"]
[Site "Elsinore"]
[Date "2014.07.28"]
[Round "9"]
[White "Jarlnaes, Erik"]
[Black "Morkedal, Oyvind"]
[Result "1-0"]
[WhiteElo "1892"]
[BlackElo "1719"]
[PlyCount "45"]
[EventDate "2014.07.21"]
[EventType "swiss"]
[EventRounds "10"]
[EventCountry "DEN"]
[Source "ChessBase"]
[SourceDate "2014.08.29"]

1. e4 c5 2. Nf3 e6 3. d4 cxd4 4. Nxd4 a6 5. Bd3 Nc6 6. Be3 Qc7 7. Nxc6 dxc6 8.
a4 Bb4+ 9. c3 Ba5 10. Nd2 Bb6 11. Bxb6 Qxb6 12. Nc4 Qc7 13. e5 Ne7 14. Nd6+ Kf8
15. Qf3 Ng6 16. Bxg6 hxg6 17. O-O-O Rh5 18. Rhe1 Rf5 19. Nxf5 exf5 20. Qe3 Be6
21. Qc5+ Kg8 22. Rd6 Bd5 23. Rxd5 1-0

[Event "36. Copenhagen Open (Politiken Cup)"]
[Site "Elsinore"]
[Date "2014.07.28"]
[Round "9"]
[White "Jensen, Michael Agermose"]
[Black "Derakhshani, Dorsa"]
[Result "0-1"]
[WhiteElo "2011"]
[BlackElo "2169"]
[PlyCount "46"]
[EventDate "2014.07.21"]
[EventType "swiss"]
[EventRounds "10"]
[EventCountry "DEN"]
[Source "ChessBase"]
[SourceDate "2014.08.29"]

1. e4 e5 2. f4 exf4 3. Nf3 Ne7 4. Bc4 d5 5. exd5 Nxd5 6. O-O Be7 7. Bxd5 Qxd5
8. d4 g5 9. Nc3 Qd8 10. Nxg5 Bxg5 11. Qe2+ Qe7 12. Qh5 c6 13. h4 Bf6 14. Bxf4
Bxd4+ 15. Kh1 Bxc3 16. Bd6 Qxd6 17. Qxf7+ Kd8 18. bxc3 Nd7 19. Rad1 Qg6 20. Qf4
Rg8 21. Rf2 Qg3 22. Qf7 Rg7 23. Qf5 Kc7 0-1

[Event "36. Copenhagen Open (Politiken Cup)"]
[Site "Elsinore"]
[Date "2014.07.28"]
[Round "9"]
[White "Jensen, Morten Frank"]
[Black "Leutwyler, Martin"]
[Result "1/2-1/2"]
[WhiteElo "2005"]
[BlackElo "2190"]
[PlyCount "82"]
[EventDate "2014.07.21"]
[EventType "swiss"]
[EventRounds "10"]
[EventCountry "DEN"]
[Source "ChessBase"]
[SourceDate "2014.08.29"]

1. e4 c6 2. d4 d5 3. f3 Qb6 4. Nc3 dxe4 5. fxe4 e5 6. Nf3 exd4 7. Qxd4 Qxd4 8.
Nxd4 Bc5 9. Be3 Nf6 10. h3 Nbd7 11. Nf5 Bxe3 12. Nxe3 O-O 13. O-O-O Ne5 14. Nc4
Nxc4 15. Bxc4 Nd7 16. a4 Ne5 17. Bb3 a5 18. Rd6 Re8 19. Rhd1 Kf8 20. Rd8 Ke7
21. Rxe8+ Kxe8 22. Kd2 Ke7 23. Ke3 Be6 24. Bxe6 Kxe6 25. b3 Rc8 26. Ne2 g6 27.
c4 f6 28. g4 Ke7 29. Nf4 Rc7 30. Rd4 Rd7 31. Ne2 Rd6 32. Nf4 b6 33. Ne2 Rxd4
34. Nxd4 Kd6 35. Kf4 Nd3+ 36. Ke3 Ne5 37. Kf4 Nd3+ 38. Ke3 Nc5 39. h4 Nd7 40.
g5 c5 41. Nf3 Ke6 1/2-1/2

[Event "36. Copenhagen Open (Politiken Cup)"]
[Site "Elsinore"]
[Date "2014.07.28"]
[Round "9"]
[White "Jensen, Soren Holm"]
[Black "Kistrup, Nicolai"]
[Result "1/2-1/2"]
[WhiteElo "1975"]
[BlackElo "1786"]
[PlyCount "116"]
[EventDate "2014.07.21"]
[EventType "swiss"]
[EventRounds "10"]
[EventCountry "DEN"]
[Source "ChessBase"]
[SourceDate "2014.08.29"]

1. d4 Nf6 2. Nc3 d6 3. Nf3 g6 4. e4 Bg7 5. Bd3 O-O 6. Ne2 Nbd7 7. c3 e5 8. O-O
h6 9. b4 d5 10. dxe5 dxe4 11. exf6 Nxf6 12. Nfd4 exd3 13. Qxd3 Nd5 14. Bd2 c6
15. Rac1 Qb6 16. Nb3 Bf5 17. Qc4 Qc7 18. Ng3 Nb6 19. Qf4 Qxf4 20. Bxf4 Bd3 21.
Rfd1 Bc4 22. Na5 Bxa2 23. c4 Na4 24. Rc2 Nc3 25. Rdc1 b6 26. Nxc6 Bxc4 27. Rxc3
Bxc3 28. Rxc3 Bb5 29. Bxh6 Rfe8 30. h4 Kh7 31. Nd4 Kxh6 32. Nxb5 a6 33. Nd6
Re1+ 34. Kh2 Ra7 35. Rc6 a5 36. Rxb6 a4 37. Nb5 Ra8 38. Nf5+ Kh7 39. Ne3 Re2
40. Na3 Rxf2 41. b5 Ra2 42. Nec4 Re8 43. Rf6 Ree2 44. Rxf7+ Kg8 45. Rf3 Rxg2+
46. Kh3 Rh2+ 47. Kg4 Rag2+ 48. Rg3 Rxg3+ 49. Kxg3 Re2 50. b6 Re8 51. Kg4 Rb8
52. Kg5 Kg7 53. Nb5 Kh7 54. Nd4 a3 55. Nxa3 Rxb6 56. Nab5 Ra6 57. Kg4 Ra4 58.
Kh3 Rb4 1/2-1/2

[Event "36. Copenhagen Open (Politiken Cup)"]
[Site "Elsinore"]
[Date "2014.07.28"]
[Round "9"]
[White "Jensen, Thore Nyboe"]
[Black "Bjorn, Lasse E"]
[Result "1-0"]
[WhiteElo "2058"]
[BlackElo "1910"]
[PlyCount "57"]
[EventDate "2014.07.21"]
[EventType "swiss"]
[EventRounds "10"]
[EventCountry "DEN"]
[Source "ChessBase"]
[SourceDate "2014.08.29"]

1. e4 c5 2. Nf3 d6 3. c3 Nc6 4. d4 Bg4 5. d5 Bxf3 6. Qxf3 Ne5 7. Bb5+ Nd7 8. c4
g6 9. Bd2 a6 10. Bc3 axb5 11. Bxh8 f6 12. Qh3 Nh6 13. cxb5 Ne5 14. Qe6 Qd7 15.
O-O Nef7 16. Bxf6 Qxe6 17. dxe6 exf6 18. exf7+ Nxf7 19. Nc3 Bg7 20. a4 Ne5 21.
Nd5 O-O-O 22. a5 Nc4 23. Ra2 Nd2 24. Re1 Re8 25. a6 bxa6 26. bxa6 f5 27. b4 Nc4
28. bxc5 fxe4 29. Rc1 1-0

[Event "36. Copenhagen Open (Politiken Cup)"]
[Site "Elsinore"]
[Date "2014.07.28"]
[Round "9"]
[White "Jogvansson, Hjalti Toftum"]
[Black "Franzen, Per Erik"]
[Result "1-0"]
[WhiteElo "1944"]
[BlackElo "2050"]
[PlyCount "85"]
[EventDate "2014.07.21"]
[EventType "swiss"]
[EventRounds "10"]
[EventCountry "DEN"]
[Source "ChessBase"]
[SourceDate "2014.08.29"]

1. d4 c5 2. c3 cxd4 3. cxd4 d5 4. Nf3 Nf6 5. Nc3 e6 6. Bf4 Be7 7. e3 O-O 8. Bd3
Nc6 9. O-O Bd7 10. Ne5 Rc8 11. Rc1 Nb4 12. Bb1 a5 13. Bg5 Ne8 14. f4 Bxg5 15.
fxg5 g6 16. Qf3 Qe7 17. Qh3 Bc6 18. a3 Na6 19. Rf4 Qxg5 20. Nxf7 Rxf7 21. Rxf7
Kxf7 22. Qxh7+ Ng7 23. Rf1+ Ke7 24. Qxg7+ Kd6 25. Rf4 Be8 26. h4 Qe7 27. Qe5+
Kd7 28. Rf6 Qd6 29. Qg5 b5 30. Bxg6 Bxg6 31. Qxg6 b4 32. axb4 axb4 33. Rf7+ Kc6
34. Qd3 Nc7 35. Na4 Ra8 36. Qc2+ Kb7 37. b3 Rh8 38. Nc5+ Kb6 39. Qd2 Kb5 40.
Qe2+ Kb6 41. Qd1 Na6 42. Nxa6 Kxa6 43. Qa1+ 1-0

[Event "36. Copenhagen Open (Politiken Cup)"]
[Site "Elsinore"]
[Date "2014.07.28"]
[Round "9"]
[White "Jorgensen, Dennis"]
[Black "Zude, Erik"]
[Result "1/2-1/2"]
[WhiteElo "2216"]
[BlackElo "2381"]
[PlyCount "94"]
[EventDate "2014.07.21"]
[EventType "swiss"]
[EventRounds "10"]
[EventCountry "DEN"]
[Source "ChessBase"]
[SourceDate "2014.08.29"]

1. d4 d6 2. Nf3 Nf6 3. g3 g6 4. Bg2 Bg7 5. O-O O-O 6. c4 Nbd7 7. Nc3 e5 8. h3
c6 9. e4 Qb6 10. dxe5 dxe5 11. Qc2 Re8 12. Be3 Qc7 13. Rfd1 Bf8 14. Na4 Nh5 15.
c5 Ng7 16. Bf1 Ne6 17. a3 Bg7 18. Bg2 Ndf8 19. Qc4 Bd7 20. Qc1 Rad8 21. b4 Bc8
22. Ra2 f5 23. Rxd8 Rxd8 24. Bh6 fxe4 25. Nh2 Nd4 26. Bxg7 Kxg7 27. Nc3 Bf5 28.
Nxe4 Bxe4 29. Bxe4 Qf7 30. Rb2 h5 31. Qe3 Nfe6 32. Kg2 Qf6 33. Rd2 a5 34. Bb1
Ng5 35. h4 Nge6 36. Qe4 Rf8 37. Ba2 axb4 38. axb4 Rd8 39. Bxe6 Nxe6 40. Nf3
Rxd2 41. Nxd2 Qf5 42. f3 Nd4 43. Nc4 Qxe4 44. fxe4 Kf6 45. Na5 Nc2 46. Nxb7
Nxb4 47. Na5 Na6 1/2-1/2

[Event "36. Copenhagen Open (Politiken Cup)"]
[Site "Elsinore"]
[Date "2014.07.28"]
[Round "9"]
[White "Klings, Peter"]
[Black "Rydstrom, Tom"]
[Result "1/2-1/2"]
[WhiteElo "2128"]
[BlackElo "2234"]
[PlyCount "125"]
[EventDate "2014.07.21"]
[EventType "swiss"]
[EventRounds "10"]
[EventCountry "DEN"]
[Source "ChessBase"]
[SourceDate "2014.08.29"]

1. Nf3 Nc6 2. d4 d5 3. c3 Nf6 4. Bf4 e6 5. Nbd2 Bd6 6. e3 O-O 7. Bd3 Re8 8. Ne5
Bd7 9. Qf3 h6 10. Qh3 Qe7 11. O-O Nh7 12. e4 Nxe5 13. dxe5 Bc5 14. Rae1 Rad8
15. Qg3 Kh8 16. exd5 exd5 17. Nf3 Be6 18. a3 a5 19. h4 Qd7 20. Nd4 Nf8 21. Nxe6
Qxe6 22. Bd2 Qb6 23. b4 axb4 24. axb4 Be7 25. Be3 Qc6 26. Bd2 Qd7 27. Qf4 f6
28. Bf5 Qc6 29. e6 Bd6 30. Qg4 Re7 31. Re3 Qe8 32. Rfe1 c6 33. h5 Nh7 34. f4
Qg8 35. Bg6 Bc7 36. Kh1 Bb6 37. Rd3 Rd6 38. Bxh7 Qxh7 39. f5 Qg8 40. Ra1 Rd8
41. Bf4 Qe8 42. Kh2 Bc7 43. Bxc7 Rxc7 44. Rad1 Qe7 45. Qf4 Rcc8 46. Kh3 Ra8 47.
b5 Qe8 48. Kh4 Ra2 49. Rg3 Qe7 50. b6 Rc8 51. Rg4 Rb2 52. c4 Rb4 53. Rd4 Rxb6
54. cxd5 cxd5 55. Rxd5 Rxe6 56. Rxg7 Qxg7 57. fxe6 Qxg2 58. Qxf6+ Kg8 59. Rd8+
Rxd8 60. Qxd8+ Kg7 61. Qe7+ Kh8 62. Qf8+ Kh7 63. Qf5+ 1/2-1/2

[Event "36. Copenhagen Open (Politiken Cup)"]
[Site "Elsinore"]
[Date "2014.07.28"]
[Round "9"]
[White "Kovshoj, Sune"]
[Black "Mott, Jens"]
[Result "1-0"]
[WhiteElo "2086"]
[BlackElo "1881"]
[PlyCount "74"]
[EventDate "2014.07.21"]
[EventType "swiss"]
[EventRounds "10"]
[EventCountry "DEN"]
[Source "ChessBase"]
[SourceDate "2014.08.29"]

1. e4 e6 2. d4 d5 3. Nd2 a6 4. Bd3 c5 5. dxc5 Bxc5 6. e5 Qg5 7. Qf3 Qxe5+ 8.
Ne2 Qf6 9. Qg3 h6 10. Nb3 Bb6 11. Bd2 e5 12. Nc3 Ne7 13. O-O O-O 14. Rae1 Nbc6
15. Nd1 e4 16. Be2 Nf5 17. Qc3 d4 18. Qc4 Bd7 19. Qd5 Rfe8 20. Qxd7 Qg6 21. Bf4
Re7 22. Qd5 Rd8 23. Qc4 h5 24. Kh1 Nh4 25. Rg1 d3 26. Bf1 dxc2 27. Qxc2 Nb4 28.
Qb1 Qf6 29. Be3 Bxe3 30. Rxe3 Red7 31. Be2 Nd5 32. Rxe4 Nf4 33. Nc3 g5 34. Qf1
Qc6 35. Rc4 Qe6 36. Nc5 Qd6 37. Nxd7 Rxd7 1-0

[Event "36. Copenhagen Open (Politiken Cup)"]
[Site "Elsinore"]
[Date "2014.07.28"]
[Round "9"]
[White "Krantz, Christopher"]
[Black "Daulyte, Deimante"]
[Result "1-0"]
[WhiteElo "2219"]
[BlackElo "2405"]
[PlyCount "89"]
[EventDate "2014.07.21"]
[EventType "swiss"]
[EventRounds "10"]
[EventCountry "DEN"]
[Source "ChessBase"]
[SourceDate "2014.08.29"]

1. Nf3 Nf6 2. c4 g6 3. d4 Bg7 4. Nc3 d5 5. Bg5 Ne4 6. Bh4 Nxc3 7. bxc3 dxc4 8.
Qa4+ Qd7 9. Qxc4 b6 10. e3 Ba6 11. Qb3 Bxf1 12. Kxf1 O-O 13. Ke2 Nc6 14. Rhd1
Rfe8 15. Qa4 Rad8 16. Rac1 h6 17. h3 Na5 18. Qxd7 Rxd7 19. c4 c5 20. dxc5 Rxd1
21. Rxd1 g5 22. Bg3 bxc5 23. Rd7 Nxc4 24. Rxa7 e5 25. e4 Nd6 26. Nd2 f5 27.
exf5 Nxf5 28. Ne4 Rc8 29. Kd3 c4+ 30. Kc3 Nd4 31. Rxg7+ Kxg7 32. Bxe5+ Kg6 33.
Bxd4 Ra8 34. Kb2 Rb8+ 35. Kc2 Ra8 36. Nc3 Kf5 37. a4 Ke6 38. Bb6 Kd7 39. a5 Kc6
40. Ne2 Rf8 41. Kc3 Kb5 42. Nd4+ Ka6 43. Ne6 Rf6 44. Nc7+ Kb7 45. a6+ 1-0

[Event "36. Copenhagen Open (Politiken Cup)"]
[Site "Elsinore"]
[Date "2014.07.28"]
[Round "9"]
[White "Haagen Larsen, Hans"]
[Black "Nielsen, Kai Gylling"]
[Result "0-1"]
[WhiteElo "1683"]
[BlackElo "1897"]
[PlyCount "134"]
[EventDate "2014.07.21"]
[EventType "swiss"]
[EventRounds "10"]
[EventCountry "DEN"]
[Source "ChessBase"]
[SourceDate "2014.08.29"]

1. d4 c5 2. c3 e6 3. Nf3 Nc6 4. Bf4 Nf6 5. e3 d5 6. Nbd2 c4 7. a4 Nh5 8. Bg5
Be7 9. Bxe7 Qxe7 10. Be2 Nf6 11. b3 cxb3 12. Qxb3 O-O 13. a5 a6 14. O-O Qc7 15.
Qa3 Bd7 16. c4 Rad8 17. Rfb1 Bc8 18. c5 e5 19. dxe5 Nxe5 20. Rb6 Ned7 21. Rd6
Qxc5 22. Nb3 Qxa3 23. Rxa3 Rfe8 24. Nbd4 g6 25. Bd1 Kf8 26. Bb3 Ke7 27. Rxd5
Nxd5 28. Bxd5 Nf6 29. Ba2 Kf8 30. Rc3 Re7 31. h3 Ne4 32. Rc2 h6 33. Kh2 Kg7 34.
g3 Ng5 35. Nxg5 hxg5 36. Rc5 f6 37. g4 Kh6 38. Kg3 Re5 39. Rxe5 fxe5 40. Nf3 e4
41. Ne5 Rd1 42. Nf7+ Kg7 43. Nxg5 Ra1 44. Bb3 Rxa5 45. Nxe4 Rb5 46. Nd2 Rb4 47.
f3 a5 48. Bd5 a4 49. Nc4 Kf6 50. Na3 Be6 51. Bxe6 Kxe6 52. Nc2 Rb2 53. Na3 b5
54. e4 Rb3 55. Nc2 Rb2 56. Na3 b4 57. Nc4 a3 58. h4 Rc2 59. Ne3 Rc8 60. Nd5 b3
61. Nf4+ Kf7 62. e5 b2 63. e6+ Kf6 64. g5+ Kf5 65. e7 b1=Q 66. Nd5 Qb8+ 67. f4
Qb3+ 0-1

[Event "36. Copenhagen Open (Politiken Cup)"]
[Site "Elsinore"]
[Date "2014.07.28"]
[Round "9"]
[White "Larsen, Preben R"]
[Black "Sajjadi, Kimiya"]
[Result "1-0"]
[WhiteElo "1833"]
[BlackElo "1531"]
[PlyCount "47"]
[EventDate "2014.07.21"]
[EventType "swiss"]
[EventRounds "10"]
[EventCountry "DEN"]
[Source "ChessBase"]
[SourceDate "2014.08.29"]

1. c4 Nf6 2. Nc3 g6 3. e4 d6 4. Nf3 Bg7 5. d4 O-O 6. Bg5 h6 7. Bh4 g5 8. Bg3
Nh5 9. Be2 Nxg3 10. hxg3 c5 11. d5 Bd7 12. Bd3 Bg4 13. Qd2 Bxf3 14. gxf3 Nd7
15. f4 f6 16. fxg5 fxg5 17. f4 gxf4 18. gxf4 Rf7 19. O-O-O a6 20. Rdg1 b5 21.
Rxh6 bxc4 22. Qh2 Kf8 23. Rh8+ Bxh8 24. Qxh8# 1-0

[Event "36. Copenhagen Open (Politiken Cup)"]
[Site "Elsinore"]
[Date "2014.07.28"]
[Round "9"]
[White "Laustsen, Lars"]
[Black "Jensen, Soren"]
[Result "1/2-1/2"]
[WhiteElo "2115"]
[BlackElo "1922"]
[PlyCount "114"]
[EventDate "2014.07.21"]
[EventType "swiss"]
[EventRounds "10"]
[EventCountry "DEN"]
[Source "ChessBase"]
[SourceDate "2014.08.29"]

1. d4 d5 2. c4 e6 3. Nf3 Nf6 4. g3 dxc4 5. Bg2 Bd7 6. Ne5 Bc6 7. Nxc6 Nxc6 8.
O-O Qd7 9. e3 Rb8 10. a4 Na5 11. Nd2 Bb4 12. Qc2 Bxd2 13. Bxd2 Nb3 14. Ra2 Nxd2
15. Qxd2 c5 16. Rd1 O-O 17. dxc5 Qxd2 18. Rxd2 Rfc8 19. c6 bxc6 20. Rd6 Nd5 21.
Bf1 Rc7 22. Bxc4 Kf8 23. e4 Ke7 24. e5 f6 25. f4 fxe5 26. fxe5 Rf8 27. Bd3 g6
28. Ra1 Rf3 29. Be4 Re3 30. Bxd5 cxd5 31. b4 Rxe5 32. Ra6 Re4 33. b5 Rec4 34.
Re1 Re4 35. Rxe4 dxe4 36. Kf2 Kf6 37. a5 Rc5 38. Rxa7 Rxb5 39. a6 Ra5 40. Rxh7
Rxa6 41. h4 Ra3 42. h5 gxh5 43. Rxh5 Rf3+ 44. Kg2 Rf5 45. g4 Rf4 46. Kg3 e5 47.
Rh6+ Kf7 48. Ra6 Rf3+ 49. Kg2 Rd3 50. Kf2 Rf3+ 51. Kg2 Rf4 52. Kg3 e3 53. Ra1
Kf6 54. Re1 Kg5 55. Rxe3 Rxg4+ 56. Kf3 e4+ 57. Rxe4 Rxe4 1/2-1/2

[Event "36. Copenhagen Open (Politiken Cup)"]
[Site "Elsinore"]
[Date "2014.07.28"]
[Round "9"]
[White "Le Roux, Jean Pierre"]
[Black "Palm, Nikolaj"]
[Result "1-0"]
[WhiteElo "2560"]
[BlackElo "2332"]
[PlyCount "97"]
[EventDate "2014.07.21"]
[EventType "swiss"]
[EventRounds "10"]
[EventCountry "DEN"]
[Source "ChessBase"]
[SourceDate "2014.08.29"]

1. d4 d5 2. Bg5 c6 3. e3 Nf6 4. Bd3 e6 5. Nf3 Nbd7 6. Nbd2 Be7 7. O-O O-O 8. c3
Re8 9. Re1 b6 10. e4 dxe4 11. Nxe4 Nxe4 12. Bxe7 Qxe7 13. Bxe4 Bb7 14. Qa4 Rec8
15. Ne5 Nf6 16. Bf3 c5 17. Rad1 Bxf3 18. Nxf3 Rd8 19. dxc5 Qxc5 20. Rxd8+ Rxd8
21. Qxa7 Ng4 22. Rf1 Nxf2 23. Nd4 e5 24. Rxf2 f6 25. Qxg7+ Kxg7 26. Ne6+ Kf7
27. Nxc5 bxc5 28. Kf1 Ke6 29. Ke2 f5 30. g3 h5 31. Rf1 h4 32. a4 hxg3 33. hxg3
Ra8 34. Ra1 c4 35. a5 Ra6 36. Kf3 Kd5 37. Ra4 Kc5 38. g4 e4+ 39. Kf4 fxg4 40.
Kxg4 Re6 41. a6 e3 42. a7 e2 43. a8=Q e1=Q 44. Ra5+ Kd6 45. Qd8+ Kc6 46. Qd5+
Kc7 47. Ra7+ Kb6 48. Rb7+ Ka6 49. Qb5# 1-0

[Event "36. Copenhagen Open (Politiken Cup)"]
[Site "Elsinore"]
[Date "2014.07.28"]
[Round "9"]
[White "Liedbeck, Patrik"]
[Black "Beckett, Christopher J"]
[Result "0-1"]
[WhiteElo "1858"]
[BlackElo "2132"]
[PlyCount "82"]
[EventDate "2014.07.21"]
[EventType "swiss"]
[EventRounds "10"]
[EventCountry "DEN"]
[Source "ChessBase"]
[SourceDate "2014.08.29"]

1. e4 e6 2. d4 d5 3. Nd2 Nf6 4. e5 Ne4 5. Nxe4 dxe4 6. Be3 c5 7. c3 Qc7 8. Bb5+
Bd7 9. Bxd7+ Nxd7 10. Ne2 cxd4 11. cxd4 Bb4+ 12. Bd2 Bxd2+ 13. Qxd2 O-O 14. Rc1
Qb6 15. O-O Rfd8 16. Qc2 Qa6 17. Qxe4 Qxa2 18. Rc7 Rab8 19. Rxb7 Nb6 20. Rxb8
Rxb8 21. Qc2 h6 22. Nc3 Qc4 23. Rd1 Nd5 24. Qd2 Nb4 25. g3 Qb3 26. Ra1 Nc6 27.
Ra6 Qb7 28. Ra2 Rd8 29. Qe2 Nxd4 30. Qa6 Nf3+ 31. Kh1 Qb3 32. Qxa7 Qc4 33. Ra1
Qg4 34. Qe3 Qh5 35. h4 Qg4 36. Kg2 Nxh4+ 37. Kf1 Qh3+ 38. Ke2 Nf5 39. Qe4 Qh2
40. Kf1 Rd2 41. Nd1 Rxf2+ 0-1

[Event "36. Copenhagen Open (Politiken Cup)"]
[Site "Elsinore"]
[Date "2014.07.28"]
[Round "9"]
[White "Lindblom, Roar"]
[Black "Huse, Sigurd Kjelsbol"]
[Result "1/2-1/2"]
[WhiteElo "1865"]
[BlackElo "1675"]
[PlyCount "93"]
[EventDate "2014.07.21"]
[EventType "swiss"]
[EventRounds "10"]
[EventCountry "DEN"]
[Source "ChessBase"]
[SourceDate "2014.08.29"]

1. d4 d5 2. c4 c6 3. Nf3 Nf6 4. Nc3 Bf5 5. cxd5 cxd5 6. Qb3 Qb6 7. Qxb6 axb6 8.
Bf4 e6 9. e3 Bb4 10. Bb5+ Nbd7 11. O-O O-O 12. Nh4 Bg6 13. Nxg6 hxg6 14. Rfc1
Rfc8 15. a3 Bxc3 16. bxc3 Nf8 17. f3 N8h7 18. Bd6 Ne8 19. Bg3 Nhf6 20. a4 Nc7
21. Bd3 Nce8 22. e4 Nh5 23. e5 Nxg3 24. hxg3 Ra5 25. c4 Rca8 26. cxd5 Rxd5 27.
Be4 Rxd4 28. Bxb7 Ra7 29. Be4 Rc7 30. Bc6 Kf8 31. Rab1 Rc8 32. Bb5 Rxc1+ 33.
Rxc1 Rd8 34. Rc6 Rb8 35. Kf2 Ke7 36. Ke3 Rb7 37. Rc8 Nc7 38. Bc6 Ra7 39. Rb8 f6
40. f4 Nd5+ 41. Kd4 Nb4 42. exf6+ gxf6 43. Bb5 Nd5 44. Rg8 Kf7 45. Rh8 Rc7 46.
Bc4 Kg7 47. Rb8 1/2-1/2

[Event "36. Copenhagen Open (Politiken Cup)"]
[Site "Elsinore"]
[Date "2014.07.28"]
[Round "9"]
[White "Lofgren, Claes"]
[Black "Thorsbro, Peter"]
[Result "0-1"]
[WhiteElo "2109"]
[BlackElo "2216"]
[PlyCount "78"]
[EventDate "2014.07.21"]
[EventType "swiss"]
[EventRounds "10"]
[EventCountry "DEN"]
[Source "ChessBase"]
[SourceDate "2014.08.29"]

1. d4 f5 2. c4 Nf6 3. g3 g6 4. Bg2 Bg7 5. Nf3 O-O 6. O-O d6 7. Nc3 c6 8. d5 e5
9. dxe6 Bxe6 10. Bf4 Bxc4 11. Qxd6 Qxd6 12. Bxd6 Re8 13. Ne5 Be6 14. Rfd1 Nbd7
15. Nxd7 Nxd7 16. Rd2 Nb6 17. Rad1 Nc4 18. Rc2 Rad8 19. Bc7 Rxd1+ 20. Nxd1 Re7
21. Bf4 Rd7 22. Rc1 Nxb2 23. Nxb2 Bxb2 24. Rb1 Ba3 25. Bf3 Bc4 26. e4 fxe4 27.
Bxe4 a5 28. Kg2 a4 29. h4 c5 30. Rxb7 Rxb7 31. Bxb7 Bxa2 32. Bc6 Bb3 33. Bd6
Kf7 34. Kf1 Ke6 35. Bf8 Bb4 36. Ke2 a3 37. Bg7 a2 38. Be4 c4 39. Ba1 Be7 0-1

[Event "36. Copenhagen Open (Politiken Cup)"]
[Site "Elsinore"]
[Date "2014.07.28"]
[Round "9"]
[White "Louis, Thibault"]
[Black "Taksrud, Vidar"]
[Result "1-0"]
[WhiteElo "2249"]
[BlackElo "2024"]
[PlyCount "145"]
[EventDate "2014.07.21"]
[EventType "swiss"]
[EventRounds "10"]
[EventCountry "DEN"]
[Source "ChessBase"]
[SourceDate "2014.08.29"]

1. e4 c5 2. Nc3 Nc6 3. Bb5 Nf6 4. Nf3 a6 5. Bxc6 dxc6 6. d3 g6 7. Be3 b6 8. h3
Bg7 9. O-O O-O 10. a4 a5 11. Qd2 Ba6 12. Bh6 Qc7 13. Bxg7 Kxg7 14. b3 Rad8 15.
Qe3 e5 16. Nd2 Nh5 17. g3 Qd7 18. Kh2 Bc8 19. Rh1 Qc7 20. Ne2 h6 21. f4 f5 22.
Raf1 fxe4 23. Nxe4 exf4 24. Nxf4 Nxf4 25. Rxf4 Rxf4 26. Qxf4 Qxf4 27. gxf4 Bf5
28. Re1 Kf7 29. Nd2 Be6 30. Nf3 Kf6 31. Ne5 Rc8 32. Kg3 b5 33. Ra1 b4 34. Re1
h5 35. Nc4 h4+ 36. Kf3 Rh8 37. Kg2 Bd5+ 38. Kf2 Kf5 39. Rg1 Bxc4 40. dxc4 Kxf4
41. Rxg6 Rd8 42. Rg4+ Ke5 43. Ke3 Rd4 44. Rg5+ Kd6 45. Rh5 Rd1 46. Rxh4 Re1+
47. Kd2 Rh1 48. Rh5 Rh2+ 49. Kd3 Rh1 50. Rh6+ Kc7 51. Rh7+ Kb6 52. Rh8 Rd1+ 53.
Ke2 Rc1 54. Kd2 Rh1 55. h4 Rh3 56. h5 Kb7 57. h6 Ka7 58. Ke2 Kb7 59. Kf2 Rc3
60. Rg8 Rh3 61. Rg7+ Kb6 62. h7 Ka6 63. Kg2 Rh5 64. Kg3 Rh1 65. Kf4 Rh5 66. Kg4
Rh1 67. Kf5 Rh6 68. Kg5 Rh1 69. Kf6 Rf1+ 70. Ke7 Re1+ 71. Kf8 Rd1 72. Rf7 Rh1
73. Kg8 1-0

[Event "36. Copenhagen Open (Politiken Cup)"]
[Site "Elsinore"]
[Date "2014.07.28"]
[Round "9"]
[White "Lunde, Sigmund"]
[Black "Marder, Simon"]
[Result "1/2-1/2"]
[WhiteElo "1879"]
[BlackElo "2082"]
[PlyCount "82"]
[EventDate "2014.07.21"]
[EventType "swiss"]
[EventRounds "10"]
[EventCountry "DEN"]
[Source "ChessBase"]
[SourceDate "2014.08.29"]

1. e4 d5 2. Nc3 dxe4 3. Nxe4 Qd5 4. Qf3 Nc6 5. d3 e5 6. c3 f5 7. Nd2 Be6 8.
Qxd5 Bxd5 9. Ngf3 Nf6 10. Be2 O-O-O 11. O-O Bd6 12. b4 e4 13. Ne1 Be5 14. d4
Nxd4 15. cxd4 Bxd4 16. Nc2 Bxa1 17. Nxa1 Bxa2 18. Ndb3 Rhe8 19. Bg5 Rd6 20. Bf4
Rb6 21. b5 Nd5 22. Bd2 e3 23. fxe3 Nxe3 24. Rf3 Nxg2 25. Bd3 Ne1 26. Bxf5+ Kb8
27. Rf1 Bxb3 28. Nxb3 Rxb5 29. Bd7 Rxb3 30. Bxe8 Nf3+ 31. Kg2 Rb2 32. Rxf3
Rxd2+ 33. Kg3 Rd8 34. Bd7 a5 35. Rf7 Rg8 36. Be6 Re8 37. Bd7 Rg8 38. Be6 Re8
39. Bd7 Re1 40. Kf2 Rb1 41. Rxg7 Rb2+ 1/2-1/2

[Event "36. Copenhagen Open (Politiken Cup)"]
[Site "Elsinore"]
[Date "2014.07.28"]
[Round "9"]
[White "Matthiesen, Martin"]
[Black "Lien, Kjell Hakon"]
[Result "1-0"]
[WhiteElo "2316"]
[BlackElo "2022"]
[PlyCount "119"]
[EventDate "2014.07.21"]
[EventType "swiss"]
[EventRounds "10"]
[EventCountry "DEN"]
[Source "ChessBase"]
[SourceDate "2014.08.29"]

1. Nf3 Nf6 2. g3 c5 3. Bg2 g6 4. O-O Bg7 5. d4 cxd4 6. Nxd4 O-O 7. c4 Nc6 8.
Nc3 Nxd4 9. Qxd4 d6 10. Qd3 Rb8 11. Be3 b6 12. Rac1 Ng4 13. Bd4 Ne5 14. Qd1 Bb7
15. Bxb7 Rxb7 16. b3 Qd7 17. Qd2 h5 18. f3 h4 19. Kg2 Kh7 20. Rfd1 Qe6 21. Qf4
Rh8 22. Ne4 f6 23. g4 Kg8 24. Rc2 Nf7 25. Nc3 Bh6 26. Qe4 Qxe4 27. Nxe4 Ng5 28.
Nc3 Ne6 29. Bf2 Bg7 30. Nd5 Kf7 31. h3 Nc7 32. Ne3 Bh6 33. Nf1 Bg7 34. e3 Ne6
35. Nh2 g5 36. Nf1 Rc8 37. Nd2 Rbc7 38. Kf1 Nc5 39. Ke2 Nb7 40. Ne4 Nc5 41. Nc3
Ne6 42. Nd5 Rb7 43. e4 Nc7 44. Be3 Bh6 45. Rdd2 Ke6 46. b4 Nxd5 47. cxd5+ Kd7
48. b5 Rbc7 49. Rc6 Rxc6 50. bxc6+ Kc7 51. a4 e5 52. a5 bxa5 53. Ra2 Ra8 54.
Rxa5 a6 55. Ra4 Bf8 56. Rb4 Rb8 57. Rxb8 Kxb8 58. Bb6 Be7 59. Kd3 Kc8 60. Kc4
1-0

[Event "36. Copenhagen Open (Politiken Cup)"]
[Site "Elsinore"]
[Date "2014.07.28"]
[Round "9"]
[White "Mehringer, Joerg"]
[Black "Paulsson, Anders"]
[Result "1-0"]
[WhiteElo "1939"]
[BlackElo "1788"]
[PlyCount "49"]
[EventDate "2014.07.21"]
[EventType "swiss"]
[EventRounds "10"]
[EventCountry "DEN"]
[Source "ChessBase"]
[SourceDate "2014.08.29"]

1. e4 c6 2. d4 d5 3. e5 c5 4. dxc5 e6 5. Be3 Nc6 6. Nf3 Qc7 7. Bb5 Bd7 8. Bxc6
Bxc6 9. O-O Ne7 10. c3 a5 11. b4 a4 12. Bd4 h6 13. Na3 b5 14. cxb6 Qb7 15. Qd3
g5 16. Bc5 g4 17. Nd4 Ng6 18. Rfe1 Bg7 19. Nxe6 Bxe5 20. Nc7+ Kd7 21. Qf5+ Kd8
22. Rxe5 Nxe5 23. Qxe5 Rg8 24. Nxa8 Qxa8 25. Qc7+ 1-0